Geography Quiz

Random Geography or Year Quiz

Countries of Europe: 1700 Quiz Stats

 Plays Quiz not verified by Sporcle

Score 0/35 Timer 10:00
2 Plays Today
% Correct
France
98%
England
98%
Spain
97.9%
Scotland
97.5%
Russia
97.4%
Portugal
97.3%
Sweden
96.7%
Denmark
96.5%
Ottoman Empire
95.6%
Netherlands
95%
Andorra
94.9%
Austria
91.3%
Monaco
91.3%
Poland-Lithuania
89.1%
Switzerland
88%
Knights of Malta
81.8%
Holy Roman Empire
80%
Bavaria
78%
% Correct
Papal States
74.7%
Venice
69%
Saxony
68%
Tuscany
65%
San Marino
58.9%
Hanover
57.6%
Genoa
50.9%
Mecklenburg
39%
Savoy
37.6%
Brandenburg
32.4%
Ragusa
30.1%
Wurttemberg
29.9%
Lucca
26.6%
Parma
16.8%
Modena
16.3%
Mantua
11.1%
Massa
6%

You're not logged in!

Compare scores with friends on all Sporcle quizzes.
OR
Log In

Sporcle TV

Today on Sporcle TV


Watch our educational content, quiz creation guides, and fun videos on Sporcle TV.

Show Comments

Extras

Top Quizzes Today


Score Distribution

Your Account Isn't Verified!

In order to create a playlist on Sporcle, you need to verify the email address you used during registration. Go to your Sporcle Settings to finish the process.

Report this User

Report this user for behavior that violates our Community Guidelines.

Details: